00656nam a2200181 a 4500001001000000003000400010005001700014008004100031020001500072040002500087082001500112100002600127245016700153260005300320300002100373500003800394700004200432000023711OSt20201126095207.0101220s1998 mx a r 000 | spa d a9684442742 aDO-SdBNPbspacBNPHU 4axxxbL789r aLizarazo Arias, Diego13aLa reconstrucción del significado :bensayos sobre la recepción social de los massmedia /cDiego Lizarazo Arias; edición de Miguel Ángel Calderón Reyes. aMéxico D. F. :bAddison Wesley Longman,c1998. a233 p. ;c22 cm. aIncluye notas al pie de páginas1 aCalderón Reyes, Miguel Ángeleed.